000 00794nam a22002177a 4500
999 _c3948
_d3948
020 _a8176113808
020 _a9788176113809
050 _aHF5667
_b.AGA
100 _aAgarwal Sonia
110 _aMishra B.K.
245 _aStrategic Cost Management
_cAgarwal Sonia Mishra B.K. Agarwal N.P.
250 _a1st ed.
260 _aJaipur, India :
_bRBSA Publishers
_c 2007
300 _ap. 254
_billus.,
_c23 cm
505 _aChapter 1: Introduction Chapter 2: Cost Concepts and Classifications Chapter 3: Cost Volume Profit Analysis Chapter 4: Budgetary Control Chapter 5: Activity Based Costing Chapter 6: Benchmaking Chapter 7: Decision Theory
650 _aStrategic Cost Management
700 _aAgarwal Sonia
710 _aMishra B.K.
711 _aAgarwal N.P.
942 _cBK